Orava a bratři Čapkové

Podrobná bibliografia
Hlavný autor: Bachratý, Bohumír, 1942-2024 (Autor)
Médium: Článok
Jazyk:čeština
slovenčina
Fyzický popis:Fotogr.
ISSN:1335-549X
Predmet:

MARC

LEADER 00000nab a2200000 a 4500
001 vtls000808518
003 SK-MaSNL
005 20260304003201.0
008 160314c2002 xo 0 cze
015 |a SNBRB2002/10-30772 
035 |a CLN000160173 
040 |a SNKBUCL  |b slo  |c SNKBUCL  |e AACR2 
041 0 |a slo 
044 |a xo  |c SK 
080 |a 82:929:885.0  |2 UDC-MRF-SK2 
080 |a 885.0:929  |2 UDC-MRF-SK2 
100 1 |a Bachratý, Bohumír,  |d 1942-2024  |4 aut  |9 86308 
245 1 0 |a Orava a bratři Čapkové  |c Bohumír Bachratý 
300 |b Fotogr. 
600 1 7 |a Čapek, Josef,  |d 1887-1945  |2 snkbucl  |9 106820 
600 1 7 |a Čapek, Karel,  |d 1890-1938  |2 snkbucl  |9 106564 
651 7 |a Orava (Slovensko : región)  |2 snkbucl  |9 116635 
773 0 |x 1335-549X  |t Česká beseda  |g Roč. 8, č. 7-8 (2002), s. 2 a 47 
850 |a Slovenská národná knižnica v Martine 
852 |a SNK  |b KIS3GCP 
958 |a CZ 
958 |a LX 
958 |a SK 
958 |a RBX 
999 |c 2546115  |d 2548045